000 01097cam a2200253 a 4500
082 0 0 _a625.732
_bMOR
_cD
100 1 _aMorin, W. J.
_940907
245 1 0 _aLaterite and lateritic soils and other problem soils of the tropics :
_ban engineering evaluation and highway design study for United States Agency for International Development /
_cby W.J. Morin, Peter C. Todor.
260 _aBaltimore, Md. :
_bLyon Associates ;
_aRio de Janeiro, Brazil :
_bRoad Research Institute, Brazilian National Highway Dept.,
_c[197-?-
300 _av. <1 > :
_bill. ;
_c30 cm.
500 _a"AID/csd 3682."
500 _aErrata sheet inserted (v. 1)
526 _a0
_b0
_c0
_d625_732000000000000_MOR
650 0 _aLaterite
_zTropics.
_940908
650 0 _aMCE
_9379
650 0 _aProblem soils
_zTropics.
_940909
650 0 _aRoads
_zTropics
_xDesign and construction.
_940910
650 0 _aSoils
_zTropics
_xTesting.
_940911
700 1 _aTodor, Peter C.,
_940912
710 1 _aUnited States.
_921185
710 2 _aInstituto de Pesquisas Rodoviárias.
_940913
710 2 _aLyon Associates.
_940914
942 _2ddc
_cBK
999 _c547468
_d547468